000 00304pam a2200157 a 4500
020 _c
041 _h
100 _aH. W. Fowler
245 _aThe Concise Oxford Dictionary
250 _a8th
260 _c1990
300 _a1454
653 _aDictionary
700 _aF. G. Flwler
930 _a915
999 _c246768
_d246768